Lanean...

Methodology of scientific research programmes: philosophical papers /

Xehetasun bibliografikoak
Egile nagusia: Lakatos, Imre
Beste egile batzuk: Gregory Currie (Argitaratzailea), John Worrall (Argitaratzailea)
Formatua: Printed Book
Hizkuntza:English
Argitaratua: CUP, 1978.
Saila:v1
LEADER 00577nam a2200169Ia 4500
008 150624b xxu||||| |||| 00| 0 eng d
082 |a 501.8 
100 |a Lakatos, Imre 
245 |a Methodology of scientific research programmes:  |b philosophical papers /  |c Imre Lakatos 
260 |b CUP,  |c 1978. 
300 |a 250 p. 
490 |a v1 
700 |a Gregory Currie  |e editor. 
700 |a John Worrall  |e editor. 
942 |c BK 
999 |c 25249  |d 25249 
952 |0 0  |1 0  |4 0  |6 501_800000000000000_LAK_M  |7 0  |9 25248  |a UL  |b UL  |c ST2  |d 1998-09-07  |l 1  |o 501.8 LAK/M  |p 36604  |r 2017-08-14  |s 2017-07-24  |w 2012-10-27  |y BK